000 00251nam a22001217a 4500
008 180912b xxu||||| |||| 00| 0 eng d
041 _aeng
080 _a510
100 _a36
101 _aMAT
245 _aPrecalculus
_cLippman, D
942 _2udc
_cBK
999 _c47721
_d47721